000 00604nam a2200241Ia 4500
003 OSt
005 20220918185409.0
006 a|||||r|||| 00| 0
007 ta
008 220917b |||||||| |||| 00| 0 eng d
024 _a50,881
037 _cTextual
040 _aARTS
_cARTS
_beng
041 _2eng
_aeng
082 _aP111:1v, K9 (=)
100 _aHart John
_968888
245 0 _aOrthographie
260 _aMenston
_bScolar
_c1969
300 _a67p. tables
_ccm.
650 _aLINGUISTICS
942 _hP111:1v, K9 (=)
_cTEXL
_2CC
999 _c180476
_d180476